| 000 | 00426nam a2200145 a 4500 | ||
|---|---|---|---|
| 001 | 000020782 | ||
| 005 | 20200930011147.0 | ||
| 008 | 100817s2016 dr 000 0 spa d | ||
| 040 |
_aDO-SdBNP _bspa _cBNPHU |
||
| 082 |
_axxxxxxx _bxxxxxxx |
||
| 100 | 1 |
_aMartínez, Mamerto _943515 |
|
| 245 | 1 | 0 |
_aRahab de ramera a gran señora / _cMamerto Martínez. |
| 260 |
_a[Santo Domingo] : _b[s. e.], _c[2016]. |
||
| 300 |
_a110 p. ; _c22 cm. |
||
| 999 |
_c20286 _d20286 |
||